000 01290nam a22004697a 4500
001 BR8105507
003 BR-BrBNA
005 20230928091038.0
007 ta
008 230509b bl.||||| |||| 00| 0 por d
040 _aBR-BrBNA
_bpor
_cBiblioteca Nacional de Agricultura
041 _a(Por)
072 _aE15; E70
_b0100
_b1540
_b2320
_b0470
_b0590
_b5213
_b5214
_b/G514
090 _ 0100 BR8105507
110 1 _aSuperintendencia do Desenvolvimento da Amazonia, Belem, PA (Brasil). Depto. de Setores Produtivos
_910057
245 1 _aAnalise da agropecuaria da regiao Norte do ano agricola 1979/80 [economia da producao, Brasil]
260 3 _aBelem, PA (Brasil):
_c1981.
300 _a79 p.
500 _a32 tables
650 _aGADO LEITEIRO
650 _aGADO DE CORTE
650 _aCEREAL
650 _aMANDIOCA
650 _aPIMENTA DO REINO
650 _aJUTA
650 _aMALVA
650 _aINSUMO
650 _aSEMENTE
650 _aMUDA
650 _aMAO-DE-OBRA
650 _aCREDITO
650 _aESTATISTICA DE PRODUCAO
650 _aRENDIMENTO
650 _aMERCADO
650 _aOFERTA
650 _aDEMANDA
650 _aCONSUMO
650 _aPRECO
650 _aREGIAO NORTE
909 _a202309
_bLucia
_c55
_dLucia Elande
942 _cBK
999 _c31929
_d31929